000 01181nam a2200229Ia 4500
001 L221-31440
003 IT-CnALBA
008 170116s9999||||xx |||||||||||||| ||und||
040 _aIT-CnALBA
_cIT-CnALBA
041 _aITALIANO
100 _aSCHIRONE S.
245 0 _aNESSUN ALTRO DEBITO CHE L'AMORE. PRESTITO E USURA NELL'ANTICO TESTAMENTO.
250 _a1a ed.
260 _a ROMA
_bVIVERE IN, EDIZIONI.
_c1995 [1° Ed.:1995 - Ed.Ling.Originale: 1995]
300 _a122 p.
500 _aPREFAZIONE DI CATENACCI L. PRESENTAZIONE DI MAGRASSI A. INTRODUZIONE D'URSO A. ALLEANZA DEL SINAI. CODICE DELL'ALLEANZA. RISCATTO GIUBILEO CONDONO. DEUTERONOMIO. PROFETI. PERIODO POSTESILICO. SAPIENZA DI ISRAELE. CODICE DI HAMMURABI.
501 _aSocietà San Paolo EM - Piazza San Paolo, 14 - 12051 ALBA (CN) (non commercial uses only) ® Copyright 2017
520 _aPREFAZIONE DI CATENACCI L. PRESENTAZIONE DI MAGRASSI A. INTRODUZIONE D'URSO A. ALLEANZA DEL SINAI. CODICE DELL'ALLEANZA. RISCATTO GIUBILEO CONDONO. DEUTERONOMIO. PROFETI. PERIODO POSTESILICO. SAPIENZA DI ISRAELE. CODICE DI HAMMURABI.
650 _aANTICO TESTAMENTO
942 _cBK
957 _71
999 _a36214
_bNO
_g Copie: 1
_c290280
_d290280